000 01778nam a22002417a 4500
005 20091210115614.0
008 091210t xxu||||| |||| 00| j hind
020 _c175.00
035 _aB-370761-763
037 _bकला साहित्य संस्थान/ PUB
040 _aDPL
_bHN
082 _a
100 _aखरे, ममता
_916567
245 _aरूपकथा /
_cममता खरे
260 _aदिल्ली
_bकला साहित्य संस्थान
_c2008
270 _a430, प्रथम तल, महाराम मौहल्ला, शाहदरा
_bदिल्ली
_e110032
300 _a135पृ
_c22सेमी (सजिल्द)
_bसचित्र
942 _2ddc
_cCH
_h
_mखरेम
999 _c32405
_d32405